| Tag |
First Indicator |
Second Indicator |
Subfields |
| LEADER |
00000cam a2200000 i 4500 |
| 001 |
in00004650121 |
| 003 |
OCoLC |
| 005 |
20230328184604.0 |
| 008 |
220731t20222022ilu 000 mdeng d |
| 035 |
|
|
|a (OCoLC)1337924231
|
| 040 |
|
|
|a YDX
|e rda
|c YDX
|d COO
|d BDX
|
| 020 |
|
|
|a 9798985787405
|q paperback
|
| 041 |
1 |
|
|a eng
|h grc
|
| 050 |
|
4 |
|a PA3975.B2
|b T57 2022
|
| 082 |
0 |
|
|a 882/.01
|2 23
|
| 100 |
0 |
|
|a Euripides,
|e author.
|
| 240 |
1 |
0 |
|a Bacchae.
|l English
|
| 245 |
1 |
0 |
|a Believers and seven sermons from the Bacchae /
|c Euripedes ; [translated by] John Tipton.
|
| 264 |
|
1 |
|a Chicago :
|b Flood Editions,
|c [2022].
|
| 264 |
|
4 |
|c ©2022.
|
| 300 |
|
|
|a 84 pages ;
|c 21 cm.
|
| 336 |
|
|
|a text
|b txt
|2 rdacontent
|
| 337 |
|
|
|a unmediated
|b n
|2 rdamedia
|
| 338 |
|
|
|a volume
|b nc
|2 rdacarrier
|
| 546 |
|
|
|a Includes translations from the Greek.
|
| 600 |
0 |
0 |
|a Euripides
|v Translations into English.
|
| 650 |
|
0 |
|a Greek drama
|v Translations into English.
|
| 630 |
0 |
0 |
|a Bible.
|p Mark.
|
| 700 |
1 |
|
|a Tipton, John,
|e translator,
|e compiler.
|
| 945 |
|
|
|b 621342
|
| 947 |
|
|
|a A14851382318
|
| 948 |
|
|
|a dmitchel 3/27/23 1.44.28
|
| 980 |
|
|
|b print
|c 40031585163
|f LIT/B
|g 565714
|k USD
|m 18.95
|q 1
|s AcqMono Conventional
|t Approval plan
|u Vendor order reference number
|v ZYBP
|y Print approval
|z Physical resource
|
| 999 |
f |
f |
|i f61dc42a-be86-40ff-851b-404ea96439ab
|s 81b11cde-7990-4502-b7f4-587d72b080a7
|t 0
|
| 952 |
f |
f |
|p normal
|a Texas A&M University
|b College Station
|c Sterling C. Evans Library
|d Evans: Library Stacks
|t 0
|e PA3975.B2 T57 2022
|h Library of Congress classification
|i unmediated -- volume
|m A14851382318
|
| 998 |
f |
f |
|a PA3975.B2 T57 2022
|t 0
|l Evans: Library Stacks
|